| 000 | 00397nam a22001697a 4500 | ||
|---|---|---|---|
| 005 | 20160528142300.0 | ||
| 008 | 160528b xxu||||| |||| 00| 0 eng d | ||
| 020 | _a81-203-1475-1 | ||
| 041 | _aeng | ||
| 082 | _b5846 | ||
| 100 |
_aTull, Donald S & thwkey Del.I _91464 |
||
| 245 | _aMarketing Research | ||
| 260 |
_aNew Delhi _bPHI, |
||
| 300 | _a863 | ||
| 650 |
_aManagement _9241 |
||
| 942 | _cBK | ||
| 999 |
_c2076 _d2075 |
||